National structural steelwork specification for building construction (Record no. 107848)

MARC details
000 -LEADER
fixed length control field 01686cam a22003015a 4500
001 - CONTROL NUMBER
control field L142152
008 - FIXED-LENGTH DATA ELEMENTS--GENERAL INFORMATION
fixed length control field 080125s2007 xxk e f u 000 0 eng d
020 ## - INTERNATIONAL STANDARD BOOK NUMBER
International Standard Book Number 085073052X
035 ## - SYSTEM CONTROL NUMBER
System control number (Sirsi) u142152
041 ## - LANGUAGE CODE
Language code of text/sound track or separate title eng
050 ## - LIBRARY OF CONGRESS CALL NUMBER
Classification number 693.71 BRI $2 18
110 ## - MAIN ENTRY--CORPORATE NAME
Corporate name or jurisdiction name as entry element British Constructional Steelwork Association
9 (RLIN) 1564
245 ## - TITLE STATEMENT
Title National structural steelwork specification for building construction
250 ## - EDITION STATEMENT
Edition statement 5th ed.
260 ## - PUBLICATION, DISTRIBUTION, ETC.
Place of publication, distribution, etc. London
Name of publisher, distributor, etc. British Constructional Steelwork Association
Date of publication, distribution, etc. 2007
300 ## - PHYSICAL DESCRIPTION
Extent 76 p.
Other physical details ill.
Dimensions 21 cm.
490 #0 - SERIES STATEMENT
Series statement BCSA & SCI Publication
Volume/sequential designation no. 203/07
505 2# - FORMATTED CONTENTS NOTE
Formatted contents note Scope -- Definitions -- Information required by the steelwork contractor -- Materials -- Information provided by the steelwork contractor -- Workmanship-General -- Workmanship-Welding -- Workmanship-Bolting -- Workmanship-Accuracy of fabrication -- Workmanship-Erection -- Workmanship-Accuracy of erected steelwork -- Protective treatment -- Quality assurance -- Annexes
520 ## - SUMMARY, ETC.
Summary, etc. Supersedes the precedent ed. L142152
520 ## - SUMMARY, ETC.
Summary, etc. Designed in accordance with BS 5950-1 and BS EN 1993-1-1 (Eurocode 3, part 1.1.), this specification can be used for all types of construction designed for static loading. Covers information to be included in a Project Specification as well as materials, workmanship, erection of steelwork, the protective treatment and quality assurance. Annexes on quality management.
590 ## - LOCAL NOTE (RLIN)
Local note KA
650 ## - SUBJECT ADDED ENTRY--TOPICAL TERM
Topical term or geographic name entry element STRUCTURAL STEELWORK
650 ## - SUBJECT ADDED ENTRY--TOPICAL TERM
Topical term or geographic name entry element SPECIFICATION
651 #4 - SUBJECT ADDED ENTRY--GEOGRAPHIC NAME
Geographic name England and Wales
Chronological subdivision 1543-
690 ## - LOCAL SUBJECT ADDED ENTRY--TOPICAL TERM (OCLC, RLIN)
Topical term or geographic name as entry element BUILT ENVIRONMENT-CONSTRUCTION DESIGN-CONSTRUCTION SPECIFICATION
710 ## - ADDED ENTRY--CORPORATE NAME
Corporate name or jurisdiction name as entry element Steel Construction Institute
9 (RLIN) 1900
942 ## - ADDED ENTRY ELEMENTS (KOHA)
Suppress in OPAC 0
Holdings
Withdrawn status Lost status Source of classification or shelving scheme Damaged status Not for loan Home library Current library Shelving location Date acquired Total Checkouts Full call number Barcode Date last seen Copy number Price effective from Koha item type
    Dewey Decimal Classification     London London Books 25/01/2008   L142152 30072554 06/08/2019 1 06/08/2019 Book